[Event "AUTO-OPEN-4614"]
[Site "http://www.queenalice.com/game.php?id=1862880"]
[Date "2025.9.11"]
[Round "1"]
[White "Tartenfou93"]
[Black "cerenzo72"]
[Result "1-0"]
[WhiteElo "2059"]
[BlackElo "2091"]

1. d4 Nf6 2. Bf4 d5 3. e3 Nc6 4. Nc3 Bf5 5. Nb5 Rc8 6. f3 a6 7. Na3 e5 8. dxe5
Nh5 9. Bd3 Bxd3 10. Qxd3 Nxf4 11. exf4 Nb4 12. Qf5 Bc5 13. Ne2 O-O 14. c3 Nc6
15. Nc2 d4 16. cxd4 Nxd4 17. Ncxd4 Bxd4 18. Rd1 c5 19. Nxd4 cxd4 20. O-O Qb6 21.
b3 Rc2 22. Qxc2 1-0

[Event "AUTO-OPEN-4614"]
[Site "http://www.queenalice.com/game.php?id=1862903"]
[Date "2025.9.11"]
[Round "1"]
[White "SGF"]
[Black "Tartenfou93"]
[Result "0-1"]
[WhiteElo "1679"]
[BlackElo "2067"]

1. e4 c5 2. Qf3 Nc6 3. c3 Nf6 4. d3 g6 5. Be2 Bg7 6. Qg3 d5 7. exd5 Qxd5 8. h4
h5 9. a4 Bg4 10. Bxg4 Nxg4 11. Ne2 Rd8 12. Nf4 Qf5 13. O-O O-O 14. f3 Nge5 15.
a5 Nxd3 16. Nxd3 Rxd3 17. Bf4 e5 18. Bd2 e4 19. Qf4 Qxf4 20. Bxf4 e3 21. Re1 Re8
22. a6 b6 23. Re2 Be5 24. Bxe3 Bf4 25. Rd2 Bxe3+ 26. Kh2 Bxd2 27. Nxd2 Rxd2 28.
b3 Ree2 29. Rg1 Ne5 30. Kg3 f6 31. c4 g5 32. hxg5 fxg5 33. f4 Rd3+ 34. Kh2 Ng4+
35. Kh1 Nf2+ 36. Kh2 Nh3 37. fxg5 Nxg1 38. Kxg1 Rg3 39. Kh2 Rexg2+ 40. Kh1 Ra2
41. b4 Rc3 42. bxc5 Rc1# 0-1

[Event "AUTO-OPEN-4614"]
[Site "http://www.queenalice.com/game.php?id=1862904"]
[Date "2025.9.11"]
[Round "1"]
[White "Tartenfou93"]
[Black "SGF"]
[Result "1-0"]
[WhiteElo "2076"]
[BlackElo "1765"]

1. d4 d5 2. Bf4 f5 3. Nc3 c6 4. Nf3 h6 5. Be5 Nd7 6. Bg3 Qb6 7. Na4 Qb5 8. c3
Qa5 9. b4 Qa6 10. e4 b5 11. Nc5 Nxc5 12. dxc5 fxe4 13. Ne5 Nf6 14. Be2 g5 15.
Bh5+ Nxh5 16. Qxh5+ Kd8 17. Nf7+ Kd7 18. Nxh8 Bg7 19. O-O Bxc3 20. Nf7 Bxa1 21.
Rxa1 Bb7 22. Ne5+ Ke6 23. Qg6# 1-0

[Event "AUTO-OPEN-4614"]
[Site "http://www.queenalice.com/game.php?id=1862919"]
[Date "2025.9.11"]
[Round "1"]
[White "Tartenfou93"]
[Black "Carlos19"]
[Result "1-0"]
[WhiteElo "2080"]
[BlackElo "1626"]

1. d4 e6 2. Bf4 Nc6 3. Nc3 Bb4 4. Qd3 g5 5. Bd2 d6 6. e4 d5 7. e5 h6 8. Nge2 f6
9. exf6 Nxf6 10. O-O-O g4 11. h3 gxh3 12. Rxh3 Ng4 13. Qg6+ Kd7 14. Qxg4 Qf6 15.
Rf3 Qe7 16. Qh5 Qe8 17. Qh3 Kd8 18. Bxh6 Kd7 19. Nxd5 Kd8 20. Bg5+ Kd7 21. Nf6+
Kd6 22. Nxe8+ Rxe8 23. c4 Bd7 24. c5+ Kd5 25. Nf4+ Ke4 26. Re3# 1-0

[Event "AUTO-OPEN-4614"]
[Site "http://www.queenalice.com/game.php?id=1862920"]
[Date "2025.9.11"]
[Round "1"]
[White "Carlos19"]
[Black "Tartenfou93"]
[Result "0-1"]
[WhiteElo "1577"]
[BlackElo "2074"]

1. e4 c5 2. Bc4 Nc6 3. Nf3 e6 4. d3 d5 5. exd5 exd5 6. Bb5 Bd7 7. O-O Be7 8. c4
Nf6 9. Bg5 O-O 10. cxd5 Nb4 11. Bxd7 Qxd7 12. d4 Nbxd5 13. dxc5 Bxc5 14. Bxf6
Nxf6 15. Qxd7 Nxd7 16. Nc3 Rfe8 17. Rfe1 Nf6 18. Rxe8+ Rxe8 19. Re1 Rd8 20. Rd1
Rxd1+ 21. Nxd1 Ne4 22. Ne5 f6 23. Nd7 Bd6 24. a3 Kf7 25. g4 Ke6 26. Nxf6 Kxf6
27. Ne3 Nd2 28. Nf5 Be5 29. b4 Nf3+ 30. Kh1 Nxh2 31. Ne3 Nf3 32. Nd5+ Kg5 33.
Ne3 b5 34. Kg2 Ne1+ 35. Kh3 Bb2 36. Nf5 g6 37. Ne7 Bxa3 38. Nc6 a6 39. Kg3 Nd3
40. f3 Nxb4 41. Nd4 Nd5 42. Ne6+ Kf6 43. Nf8 Bxf8 44. Kh4 b4 45. g5+ Kf5 0-1

[Event "AUTO-ADV-4867"]
[Site "http://www.queenalice.com/game.php?id=1864097"]
[Date "2025.10.10"]
[Round "2"]
[White "marcoswerneck"]
[Black "Tartenfou93"]
[Result "0-1"]
[WhiteElo "1931"]
[BlackElo "2076"]

1. e4 c5 2. d3 Nc6 3. a3 g6 4. Be3 b6 5. Be2 Bg7 6. c3 Bb7 7. Nf3 d5 8. Qb3 Nf6
9. e5 Ng4 10. Bf4 O-O 11. Nbd2 Ngxe5 12. d4 cxd4 13. cxd4 Nxf3+ 14. Bxf3 Nxd4
15. Qd3 Nxf3+ 16. Nxf3 Bxb2 17. Ra2 Bg7 18. O-O a5 19. Nd4 e5 20. Ne6 fxe6 21.
Bg3 Ba6 22. Qd1 Bxf1 23. Qxf1 Rc8 0-1

[Event "AUTO-ADV-4867"]
[Site "http://www.queenalice.com/game.php?id=1864098"]
[Date "2025.10.10"]
[Round "2"]
[White "Tartenfou93"]
[Black "marcoswerneck"]
[Result "0-1"]
[WhiteElo "2078"]
[BlackElo "1898"]

1. d4 d5 2. Bf4 e6 3. Nf3 h6 4. e3 a6 5. Bd3 Nc6 6. c3 Bd6 7. Bg3 Bxg3 8. hxg3
Bd7 9. Nbd2 Qe7 10. Qb3 Nf6 11. O-O-O b5 12. Ne5 O-O 13. Bb1 b4 14. Nxc6 Bxc6
15. Qc2 a5 16. c4 a4 17. c5 e5 18. dxe5 Qxe5 19. Nf3 Qe6 20. Nd4 Qd7 21. Nxc6
Qxc6 22. Rd4 b3 23. axb3 axb3 24. Qd3 Qxc5+ 25. Kd2 Ne4+ 26. Ke2 c6 27. Rc1 Qxc1
0-1

[Event "Challenge"]
[Site "http://www.queenalice.com/game.php?id=1864099"]
[Date "2025.10.10"]
[Round "-"]
[White "jogo"]
[Black "Tartenfou93"]
[Result "0-1"]
[WhiteElo "1779"]
[BlackElo "2064"]

1. e4 c5 2. Nf3 Nc6 3. c3 g6 4. d4 cxd4 5. cxd4 Bg7 6. d5 Nb4 7. Qb3 Na6 8. Be3
Nf6 9. Nc3 O-O 10. h3 Qa5 11. O-O-O d6 12. Qb5 Qc7 13. Qc4 Bd7 14. Qxc7 Nxc7 15.
e5 dxe5 16. Nxe5 Rac8 17. Nxd7 Nxd7 18. d6 exd6 19. Rxd6 Nb6 20. Bxb6 axb6 21.
Rxb6 Nd5 22. Rxb7 Nxc3 23. bxc3 Rxc3+ 24. Kb1 Ra8 25. Rb3 Rc5 26. g4 Rca5 27.
Bg2 R8a7 0-1

[Event "Challenge"]
[Site "http://www.queenalice.com/game.php?id=1864100"]
[Date "2025.10.10"]
[Round "-"]
[White "Tartenfou93"]
[Black "jogo"]
[Result "1-0"]
[WhiteElo "2068"]
[BlackElo "1823"]

1. d4 Nf6 2. Bf4 Nh5 3. Bg5 f6 4. Bd2 d6 5. g4 Bxg4 6. c3 g6 7. Bh3 Bxh3 8. Nxh3
Qd7 9. Nf4 Nxf4 10. Bxf4 Bg7 11. Qd2 g5 12. Bg3 Qh3 13. Qe3 h5 14. f4 h4 15. Bf2
1-0

[Event "AUTO-OPEN-4631"]
[Site "http://www.queenalice.com/game.php?id=1867148"]
[Date "2025.12.18"]
[Round "1"]
[White "chessman"]
[Black "Tartenfou93"]
[Result "0-1"]
[WhiteElo "1949"]
[BlackElo "2061"]

1. e4 c6 2. Nf3 d5 3. exd5 cxd5 4. d4 Bg4 5. Bd3 Nf6 6. c3 e6 7. O-O Bd6 8. Re1
O-O 9. h3 Bh5 10. a3 Nbd7 11. Bg5 Qc7 12. Nbd2 h6 13. Bh4 g5 14. Bg3 Bxg3 15.
fxg3 Qxg3 16. Qb3 b6 17. Qd1 g4 18. hxg4 Bxg4 19. Qe2 Nh5 20. Nf1 Qf4 21. Qd2
Qxd2 22. N1xd2 Nf4 23. Bc2 Kh8 24. Ne5 Nxe5 25. Rxe5 Rg8 26. Rae1 Bf5 27. Bxf5
Rxg2+ 28. Kh1 Rxd2 29. Bb1 Rg8 0-1

[Event "AUTO-OPEN-4631"]
[Site "http://www.queenalice.com/game.php?id=1867149"]
[Date "2025.12.18"]
[Round "1"]
[White "Tartenfou93"]
[Black "chessman"]
[Result "1-0"]
[WhiteElo "2060"]
[BlackElo "1987"]

1. d4 d5 2. Bf4 Nf6 3. Nc3 e6 4. Nf3 c5 5. e3 a6 6. Ne5 cxd4 7. exd4 Be7 8. Bd3
Nc6 9. O-O Nxd4 10. Bxh7 Nc6 11. Bd3 Nxe5 12. Bxe5 Bd6 13. Bxd6 Qxd6 14. g3 e5
15. Re1 Ng4 16. Bf1 Rxh2 17. Re2 Rh1+ 18. Kxh1 Qh6+ 19. Kg2 Qh2+ 20. Kf3 e4+ 21.
Nxe4 Ne5+ 22. Ke3 Nc4+ 23. Kd4 dxe4 24. Kxc4 Be6+ 25. Kc3 Rc8+ 26. Kb4 Rc4+ 27.
Ka3 Qh5 28. b3 Qa5+ 29. Kb2 Qc3+ 30. Kb1 Rd4 31. Qe1 Qc7 32. Rxe4 Rd7 33. Kb2
1-0

[Event "AUTO-OPEN-4631"]
[Site "http://www.queenalice.com/game.php?id=1867174"]
[Date "2025.12.18"]
[Round "1"]
[White "juim"]
[Black "Tartenfou93"]
[Result "0-1"]
[WhiteElo "1621"]
[BlackElo "2079"]

1. e4 c6 2. d4 d5 3. e5 Bf5 4. Bf4 e6 5. Bd3 Bxd3 6. Qxd3 Ne7 7. Nc3 a6 8. Nf3
Nd7 9. O-O Qb6 10. b3 c5 11. dxc5 Qxc5 12. Na4 Qc7 13. c4 dxc4 14. bxc4 Nf5 15.
Ng5 h6 16. Ne4 Rd8 17. Ng3 Nxg3 18. Bxg3 Nc5 19. Qc2 Be7 20. Nxc5 Qxc5 21. Rfe1
O-O 22. Qe4 b6 23. Rac1 Rd4 24. Qb7 a5 25. Kh1 Bg5 26. Rb1 Bd2 27. Re2 Bb4 28.
Re3 Rxc4 29. h3 Qd4 30. a3 Bc5 31. Rf3 Qe4 32. Qxe4 Rxe4 33. Rd3 Rb8 34. Rbd1 b5
35. Rc3 Bd4 36. Rc6 Bxe5 37. f4 Bxf4 38. Bf2 b4 39. a4 b3 40. Rc5 Rxa4 41. Rd7
b2 42. Rd1 b1=Q 43. Rxb1 Rxb1+ 44. Bg1 Raa1 0-1

[Event "AUTO-OPEN-4631"]
[Site "http://www.queenalice.com/game.php?id=1867175"]
[Date "2025.12.18"]
[Round "1"]
[White "Tartenfou93"]
[Black "juim"]
[Result "0-1"]
[WhiteElo "2067"]
[BlackElo "1590"]

1. d4 d5 2. Bf4 e6 3. e3 Bd6 4. Bg3 Bxg3 5. hxg3 Nf6 6. Bd3 O-O 7. Nf3 h6 8.
Nbd2 b6 9. Ne5 Ba6 10. Bxa6 Nxa6 11. g4 Ne4 12. Nxe4 dxe4 13. c3 f6 14. Ng6 Rf7
15. Qc2 f5 16. gxf5 Rxf5 17. Qxe4 Rf6 18. Ne7+ Kf7 19. Nc6 Qd5 20. Qxd5 exd5 21.
b4 Rxc6 22. Kd2 Nb8 23. Kd3 Nd7 24. Rh3 Nf6 25. Rf3 g5 26. b5 Rd6 27. a4 Rf8 28.
a5 Kg6 29. axb6 axb6 30. c4 dxc4+ 31. Kxc4 Rg8 32. Ra7 Ne4 33. Kd3 Nf6 34. Rxc7
Ra8 35. Rc3 Nd5 36. Rb3 g4 37. Rg3 h5 38. e4 Nf4+ 39. Ke3 Ne6 40. Rd3 Ra1 41. d5
Nc5 42. Rd4 Rf6 43. Ke2 Rb1 44. e5 Rb2+ 45. Rd2 Rxd2+ 46. Kxd2 Rf4 47. f3 Rd4+
48. Ke3 Rxd5 49. f4 Rd3+ 50. Kf2 Ne4+ 0-1

[Event "AUTO-MASTER-3291"]
[Site "http://www.queenalice.com/game.php?id=1867213"]
[Date "2025.12.18"]
[Round "1"]
[White "Tartenfou93"]
[Black "chessman"]
[Result "1-0"]
[WhiteElo "2069"]
[BlackElo "2145"]

1. d4 d5 2. Bf4 e6 3. Nf3 Nf6 4. e3 c5 5. c3 Be7 6. Bd3 Nc6 7. O-O O-O 8. Nbd2
a6 9. Ne5 Bd7 10. Ndf3 h6 11. Nxc6 Bxc6 12. Ne5 cxd4 13. exd4 Rc8 14. Bg3 Nd7
15. f4 Nxe5 16. fxe5 f5 17. exf6 Bxf6 18. Qg4 Qe7 19. Qg6 1-0

[Event "AUTO-MASTER-3291"]
[Site "http://www.queenalice.com/game.php?id=1867214"]
[Date "2025.12.18"]
[Round "1"]
[White "chessman"]
[Black "Tartenfou93"]
[Result "1-0"]
[WhiteElo "2032"]
[BlackElo "2027"]

1. e4 c6 2. d4 d5 3. Nc3 dxe4 4. Nxe4 Nf6 5. Nxf6+ exf6 6. Bc4 Bd6 7. Nf3 Bg4 8.
O-O O-O 9. c3 b5 10. Bb3 a5 11. a3 Qc7 12. h3 Bh5 13. Be3 Nd7 14. Bc2 Rfe8 15.
Re1 Nf8 16. Qe2 Bg6 17. Bb3 a4 18. Ba2 Ne6 19. Qd2 Bh5 20. g4 Bg6 21. Nh4 Nf4
22. Bxf4 Bxf4 23. Qd1 Be4 24. Ng2 Bh2+ 25. Kh1 Bd6 26. f3 Bd5 27. Bxd5 cxd5 28.
Qd2 Bg3 29. Rxe8+ Rxe8 30. Rd1 Qc4 31. Ne3 Qc6 32. Nf5 Bb8 33. Re1 Kf8 34. Rxe8+
Qxe8 35. Qe3 Qxe3 36. Nxe3 Bf4 37. Nxd5 Bc1 38. Nc7 Bxb2 39. Nxb5 Ke7 40. c4 Kd7
41. Kg1 Kc6 42. Kf2 Bc1 43. Ke2 g5 44. Kd3 Bf4 45. Nc3 Bc1 46. Nxa4 Bxa3 47. Nc3
Be7 48. Ne4 h6 49. Ng3 Kd7 50. Nf5 Bf8 51. Ke4 Kc6 52. Ng3 Kd7 53. Nf5 Ke6 54.
c5 Kd7 55. Kd5 Kc7 56. Kc4 Kb7 57. Kb5 Kc7 58. d5 Kb7 59. c6+ Kc7 60. d6+ Bxd6
61. Nxd6 Kxd6 62. Kb6 f5 63. c7 Kd7 64. Kb7 1-0

[Event "AUTO-MASTER-3291"]
[Site "http://www.queenalice.com/game.php?id=1867215"]
[Date "2025.12.18"]
[Round "1"]
[White "Tartenfou93"]
[Black "rmvwoods"]
[Result "0-1"]
[WhiteElo "2085"]
[BlackElo "2029"]

1. d4 d5 2. Bf4 c5 3. e3 cxd4 4. Bxb8 Rxb8 5. Qxd4 e6 6. Qxa7 Bd7 7. Nf3 Nf6 8.
Ne5 Bd6 9. Nxd7 Kxd7 10. Bb5+ Ke7 11. Qd4 Qc7 12. O-O Bxh2+ 13. Kh1 Be5 14. Qb4+
Bd6 15. Qc3 Qxc3 16. Nxc3 Rhc8 17. Bd3 h5 18. a4 Be5 19. Ra3 Bxc3 20. Rxc3 Rxc3
21. bxc3 Rc8 22. Rb1 Rb8 23. a5 Nd7 24. Bb5 Nc5 25. Rb4 Ra8 26. c4 Rxa5 27. cxd5
exd5 28. Be2 g6 29. Bf3 Kd6 30. c4 dxc4 31. Rxc4 b5 32. Rd4+ Ke7 33. Bc6 Ra1+
34. Kh2 Rb1 35. Rd5 Na4 36. Bxb5 Nc3 37. Rd7+ Kf6 38. Bc4 Rb6 39. Rxf7+ Kg5 40.
Kh3 Ne4 41. f4+ Kh6 42. Bd5 Nf2+ 43. Kg3 Ng4 44. Rf8 Nxe3 45. Rh8+ Kg7 46. Rg8+
Kh6 47. Be4 Re6 48. Kf3 Ng4 49. Bb1 Re3# 0-1

[Event "AUTO-MASTER-3291"]
[Site "http://www.queenalice.com/game.php?id=1867216"]
[Date "2025.12.18"]
[Round "1"]
[White "rmvwoods"]
[Black "Tartenfou93"]
[Result "1/2-1/2"]
[WhiteElo "2064"]
[BlackElo "2037"]

1. e4 c6 2. d4 d5 3. Nc3 dxe4 4. Nxe4 Nf6 5. Nxf6+ exf6 6. Bc4 Bd6 7. Nf3 O-O 8.
O-O Bg4 9. h3 Bxf3 10. Qxf3 Re8 11. Bd2 Nd7 12. Rfe1 Qb6 13. Bc3 Nf8 14. d5 cxd5
15. Bxd5 Rab8 16. Rxe8 Rxe8 17. Bxb7 Ng6 18. Qc6 Qxc6 19. Bxc6 Re2 20. Ba4 Bc5
21. Rf1 Ne5 22. b4 Bb6 23. Be1 Nc4 24. g3 Ne5 25. Kg2 Nc4 26. Kf3 Re5 27. Kg2
Nd6 28. g4 Ne4 29. f3 Nd6 30. Kg3 Re3 31. Bf2 Ne4+ 32. Kg2 Nxf2 33. Rxf2 Ra3 34.
Bb3 Bxf2 35. Kxf2 Ra6 36. c4 Rb6 37. b5 a6 38. a4 axb5 39. cxb5 h6 40. Bd1 Kf8
41. Be2 Ke7 42. a5 Rb8 43. a6 Kd6 44. f4 Kc5 45. Bf3 Kb6 46. Bc6 Rd8 47. Kf3
Rd3+ 48. Kg2 g5 49. f5 Rc3 50. Be8 Rc7 51. Kf3 Re7 52. Bc6 Rc7 53. Be8 Re7 54.
Bc6 Rc7 55. Be8 1/2-1/2

[Event "AUTO-MASTER-3291"]
[Site "http://www.queenalice.com/game.php?id=1867217"]
[Date "2025.12.18"]
[Round "1"]
[White "Tartenfou93"]
[Black "pizzaiolo72"]
[Result "0-1"]
[WhiteElo "2038"]
[BlackElo "2156"]

1. d4 Nf6 2. Bf4 d5 3. Nc3 e6 4. e3 c5 5. Nf3 Nc6 6. Nb5 Qa5+ 7. c3 cxd4 8. Nc7+
Kd7 9. Nxa8 dxc3 10. bxc3 Qxc3+ 11. Nd2 Bb4 12. Rc1 Qa3 13. Nc7 Bxd2+ 14. Qxd2
Ne4 15. Qc2 Qa5+ 16. Ke2 g5 17. Nxe6 fxe6 18. Bg3 Nxg3+ 19. hxg3 h5 20. f4 gxf4
21. gxf4 Kd6 22. g4 h4 23. Bh3 Bd7 24. Qb2 e5 25. Rhf1 Qa6+ 26. Kf3 Rg8 27. f5
Bxf5 28. gxf5 Rg3+ 29. Kf2 Rxh3 30. Rg1 Rh2+ 31. Rg2 Rxg2+ 32. Kxg2 Qd3 33. Qf2
Ne7 34. f6 Qg6+ 35. Kh3 Qf5+ 36. Qxf5 Nxf5 37. e4 dxe4 38. Kg4 Ke6 39. Re1 Kxf6
40. Rxe4 Nd6 41. Ra4 a6 42. Kxh4 Kf5 43. Kg3 Nb5 44. Rb4 e4 45. a4 Nd6 46. Rb6
Ke5 47. Kf2 Kd5 48. Rb1 b5 49. axb5 axb5 50. Ke2 Kc5 51. Ke3 Nc4+ 52. Ke2 b4 53.
Rc1 b3 54. Kd1 b2 55. Rb1 Kb4 56. Kc2 Na3+ 57. Kxb2 Nxb1 58. Kxb1 Kc3 59. Kc1
Kd3 60. Kd1 e3 61. Ke1 e2 0-1

[Event "AUTO-MASTER-3291"]
[Site "http://www.queenalice.com/game.php?id=1867218"]
[Date "2025.12.18"]
[Round "1"]
[White "pizzaiolo72"]
[Black "Tartenfou93"]
[Result "1-0"]
[WhiteElo "2145"]
[BlackElo "2073"]

1. e4 c6 2. c4 d5 3. cxd5 cxd5 4. exd5 Qxd5 5. Nc3 Qd8 6. d4 Nf6 7. Nf3 Bg4 8.
Be2 Nc6 9. O-O e6 10. h3 Bh5 11. Re1 Be7 12. Ne5 Bxe2 13. Nxc6 Bxd1 14. Nxd8
Rxd8 15. Rxd1 O-O 16. Be3 Nd5 17. Rac1 Nxe3 18. fxe3 Bg5 19. Kf2 Rd6 20. Ne4 Rd5
21. Nxg5 Rxg5 22. Rc7 Rb5 23. b3 f5 24. g3 g5 25. Kf3 h5 26. Re7 Rb6 27. Rc1 f4
28. gxf4 gxf4 29. exf4 Rd8 30. Rcc7 a5 31. Ke4 Rb4 32. Rc4 Rb6 33. Ra4 Rb5 34.
Rxe6 Kf7 35. Re5 Rxe5+ 36. fxe5 b6 37. b4 axb4 38. Rxb4 Ra8 39. Rxb6 Rxa2 40.
Rh6 1-0

[Event "Challenge"]
[Site "http://www.queenalice.com/game.php?id=1868438"]
[Date "2026.1.25"]
[Round "-"]
[White "jogo"]
[Black "Tartenfou93"]
[Result "0-1"]
[WhiteElo "1751"]
[BlackElo "2076"]

1. e4 c6 2. d4 d5 3. Nc3 dxe4 4. Nxe4 Nf6 5. Qd3 Nbd7 6. f4 Nxe4 7. Qxe4 Nf6 8.
Qe3 Bf5 9. Bd3 Bxd3 10. Qxd3 Nh5 11. g4 Nf6 12. g5 Nd5 13. c4 Nc7 0-1

[Event "Challenge"]
[Site "http://www.queenalice.com/game.php?id=1868439"]
[Date "2026.1.25"]
[Round "-"]
[White "Tartenfou93"]
[Black "jogo"]
[Result "1-0"]
[WhiteElo "2073"]
[BlackElo "1754"]

1. d4 Nf6 2. Nc3 d5 3. Bf4 c6 4. e3 Bg4 5. f3 Bc8 6. Bd3 h6 7. g4 g5 8. Bg3 b5
9. Qd2 b4 10. Na4 a5 11. Ne2 Bg7 12. h4 Nh7 13. Bxh7 1-0